Catalog

Record Details

Catalog Search



Available copies

  • 1 of 1 copy available at LARL/NWRL Consortium.

Current holds

0 current holds with 1 total copy.

Show All Copies
Location Call Number / Copy Notes Barcode Shelving Location Status Due Date
Roseau Public Library JOH (Text) 35500006861064 Main Available -

Record details

  • ISBN: 0553803409
  • ISBN: 9780553803402
  • Physical Description: 324 p.; 24cm.
  • Publisher: New York : Bantam Books, 2004.
Subject: Arson investigation > Fiction.
Women detectives > Fiction.
Serial murders > Fiction.
Psychopaths > Fiction.
Genre: Psychological fiction.
Mystery fiction.
LDR 01592cam a22003618a 4500
00152423
003LARL_NWRL_CONSORTIUM
00520250508140948.0
008031021s2004 nyu 000 1 eng
020 . ‡a0553803409
020 . ‡a9780553803402
035 . ‡a(OCoLC)53325028
03500. ‡iLCMARC/BCQ-1553/KRLTECH
040 . ‡aDLC ‡cDLC
08200. ‡a813/.54 ‡222
099 . ‡aJoh
1001 . ‡aJohansen, Iris. ‡0(LARL_NWRL_CONSORTIUM)92681
24510. ‡aFirestorm / ‡cIris Johansen.
260 . ‡aNew York : ‡bBantam Books, ‡c2004.
300 . ‡a324 p.; ‡c24cm.
650 0. ‡aArson investigation ‡vFiction. ‡0(LARL_NWRL_CONSORTIUM)163263
650 0. ‡aWomen detectives ‡vFiction. ‡0(LARL_NWRL_CONSORTIUM)167906
650 0. ‡aSerial murders ‡vFiction. ‡0(LARL_NWRL_CONSORTIUM)167273
650 0. ‡aPsychopaths ‡vFiction. ‡0(LARL_NWRL_CONSORTIUM)166795
655 0. ‡aPsychological fiction.
655 7. ‡aMystery fiction. ‡2gsafd
901 . ‡a52423 ‡bOCLC ‡c52423 ‡tbiblio

Additional Resources